[Event "GBR-ch72"]
[Site "Edinburgh"]
[Date "1985.08.07"]
[Round "9.17"]
[White "Upton, Timothy J"]
[Black "Hindle, Owen M"]
[Result "1/2-1/2"]
[WhiteElo "2305"]
[BlackElo "2380"]
[PlyCount "44"]
[EventDate "1985.07.29"]
[EventType "swiss"]
[EventRounds "11"]
[EventCountry "GBR"]
[SourceTitle "BritBase"]
[Source "John Saunders"]
[SourceDate "2020.09.07"]
[SourceVersion "1"]
[SourceVersionDate "2020.09.07"]
[SourceQuality "2"]

1. e4 c5 2. Nf3 e6 3. d4 cxd4 4. Nxd4 Nf6 5. Nc3 d6 6. Be2 Be7 7. O-O O-O 8. f4
Nc6 9. Be3 e5 10. fxe5 dxe5 11. Nf5 Bxf5 12. Rxf5 Qa5 13. Kh1 Rad8 14. Bd3 Nd4
15. Rf1 Ne6 16. Qe1 Kh8 17. Bd2 Qc5 18. a3 a6 19. Be3 Qc6 20. Qg3 Nf4 21. Bxf4
Nh5 22. Qf3 Nxf4 1/2-1/2

[Event "GBR-ch72"]
[Site "Edinburgh"]
[Date "1985.08.07"]
[Round "9.18"]
[White "Levitt, Jonathan"]
[Black "West, Guy"]
[Result "1-0"]
[WhiteElo "2375"]
[BlackElo "2310"]
[PlyCount "119"]
[EventDate "1985.07.29"]
[EventType "swiss"]
[EventRounds "11"]
[EventCountry "GBR"]
[SourceTitle "BritBase"]
[Source "John Saunders"]
[SourceDate "2020.09.07"]
[SourceVersion "1"]
[SourceVersionDate "2020.09.07"]
[SourceQuality "2"]

1. d4 Nf6 2. Nf3 d6 3. g3 g6 4. Bg2 Bg7 5. O-O O-O 6. c4 Nbd7 7. Nc3 e5 8. Qc2
c6 9. Rd1 Qc7 10. e4 exd4 11. Nxd4 a5 12. h3 Re8 13. Be3 Nc5 14. Re1 Bd7 15.
Rad1 Rad8 16. Kh1 Bc8 17. g4 Qe7 18. Bf4 h5 19. f3 hxg4 20. hxg4 Nfd7 21. Bg3
Ne5 22. Qe2 Bf6 23. Rg1 Kg7 24. Bh3 Rh8 25. Kg2 Ne6 26. Nxe6+ Bxe6 27. f4 Bxc4
28. Qe3 Rxh3 29. Kxh3 Rh8+ 30. Kg2 Nxg4 31. Qf3 Bxc3 32. Qxc3+ Qf6 33. Rxd6
Qxc3 34. bxc3 Bxa2 35. Ra1 Bb3 36. Kf3 f5 37. Rxa5 Bc2 38. Rd7+ Kf6 39. e5+ Ke6
40. Rd6+ Kf7 41. Rd7+ Ke6 42. Rd6+ Kf7 43. Rd4 Rh1 44. Ra7 c5 45. Rxb7+ Ke8 46.
Rb8+ Ke7 47. Rc4 Rg1 48. Bh4+ Kf7 49. Ke2 Be4 50. Rxe4 fxe4 51. Rb6 Rg2+ 52.
Ke1 Rg1+ 53. Kd2 Rg2+ 54. Kc1 Rg1+ 55. Kb2 Nxe5 56. Rf6+ Kg7 57. fxe5 e3 58.
Rf3 g5 59. Rg3 Rxg3 60. Bxg3 1-0

[Event "GBR-ch72"]
[Site "Edinburgh"]
[Date "1985.08.07"]
[Round "9.19"]
[White "Buckmire, Ron"]
[Black "Morrison, Robert"]
[Result "1/2-1/2"]
[WhiteElo "2200"]
[BlackElo "2370"]
[PlyCount "29"]
[EventDate "1985.07.29"]
[EventType "swiss"]
[EventRounds "11"]
[EventCountry "GBR"]
[SourceTitle "BritBase"]
[Source "John Saunders"]
[SourceDate "2020.09.07"]
[SourceVersion "1"]
[SourceVersionDate "2020.09.07"]
[SourceQuality "2"]

1. d4 g6 2. g3 Bg7 3. Bg2 d5 4. Nf3 Nf6 5. c4 dxc4 6. Qa4+ Nfd7 7. Qxc4 Nc6 8.
O-O Nb6 9. Qc2 Bg4 10. e3 Qc8 11. Nbd2 O-O 12. Nb3 a5 13. a3 Rd8 14. Bd2 Nd5
15. Rac1 {etc (21, some ambiguities)} 1/2-1/2

[Event "GBR-ch72"]
[Site "Edinburgh"]
[Date "1985.08.07"]
[Round "9.20"]
[White "Lawton, Geoffrey W"]
[Black "Knott, Simon JB"]
[Result "1/2-1/2"]
[WhiteElo "2360"]
[BlackElo "2275"]
[PlyCount "180"]
[EventDate "1985.07.29"]
[EventType "swiss"]
[EventRounds "11"]
[EventCountry "GBR"]
[SourceTitle "BritBase"]
[Source "John Saunders"]
[SourceDate "2020.09.07"]
[SourceVersion "1"]
[SourceVersionDate "2020.09.07"]
[SourceQuality "2"]

1. e4 e6 2. d4 d5 3. Nd2 Nf6 4. e5 Nfd7 5. f4 c5 6. c3 cxd4 7. cxd4 Nc6 8. Ndf3
Nb6 9. g4 Bd7 10. Bd3 h5 11. gxh5 Nb4 12. Ne2 Nxd3+ 13. Qxd3 Rxh5 14. Ng3 Rh8
15. f5 Nc4 16. O-O Qb6 17. b3 Na3 18. fxe6 Bxe6 19. Ng5 Rc8 20. Nxe6 Qxe6 21.
Rf2 Rh3 22. Kg2 a6 23. Bd2 Rh4 24. Raf1 Nb5 25. Ne2 Rc7 26. Nf4 Qh6 27. Kh1 Qh7
28. Qxh7 Rxh7 29. Nxd5 Rd7 30. Nb6 Rxd4 31. Rxf7 Bc5 32. Bg5 Rg4 33. Nd7 Ba3
34. Nf8 Rh5 35. Bd2 Rgh4 36. R7f2 Nd4 37. Ng6 Rg4 38. Nf4 Rxe5 39. h3 Rh4 40.
Bc3 Re4 41. Kg2 Bd6 42. Bxd4 Rxd4 43. Ne6 Rd3 44. Nxg7+ Kd7 45. Rf3 Rd2+ 46.
R1f2 Rxf2+ 47. Kxf2 Rd4 48. Ke2 Re4+ 49. Re3 Rf4 50. Rc3 Re4+ 51. Re3 Rf4 52.
Ne6 Rh4 53. Kd3 Rh6 54. Nd4 Bc5 55. Kc4 Ba7 56. Rd3 Kc7 57. Nf5 Rh5 58. Rf3 Kc6
59. Ne7+ Kd7 60. Ng8 Rh8 61. Nf6+ Kc6 62. Ng4 Rh5 63. Rf6+ Kc7 64. Rh6 Rc5+ 65.
Kd3 Rd5+ 66. Kc3 Rc5+ 67. Kb2 Rg5 68. Rh7+ Kc6 69. Rf7 Rh5 70. Rf3 Bd4+ 71. Kc2
Bh8 72. Ne3 b5 73. Kd3 a5 74. Nc2 Rh4 75. Ke2 a4 76. Kf2 Be5 77. Kg2 axb3 78.
axb3 Re4 79. Kf2 Kc5 80. Rf5 Kd6 81. Na3 Rb4 82. Rf3 Kc5 83. Ke2 Re4+ 84. Kd3
Rd4+ 85. Ke3 Rb4 86. Kd2 Rd4+ 87. Ke3 Rb4 88. Kd2 Rd4+ 89. Kc1 Bf4+ 90. Kb2 Be5
1/2-1/2

[Event "GBR-ch72"]
[Site "Edinburgh"]
[Date "1985.08.07"]
[Round "9.21"]
[White "Jackson, Oliver A"]
[Black "Ivell, Nicholas W"]
[Result "0-1"]
[WhiteElo "2230"]
[BlackElo "2350"]
[PlyCount "86"]
[EventDate "1985.07.29"]
[EventType "swiss"]
[EventRounds "11"]
[EventCountry "GBR"]
[SourceTitle "BritBase"]
[Source "John Saunders"]
[SourceDate "2020.09.07"]
[SourceVersion "1"]
[SourceVersionDate "2020.09.07"]
[SourceQuality "2"]

1. e4 c5 2. Nc3 e6 3. f4 d5 4. Nf3 dxe4 5. Nxe4 Nf6 6. Nxf6+ Qxf6 7. Ne5 a6 8.
g3 Nd7 9. Qe2 Bd6 10. Nc4 Bc7 11. Bg2 O-O 12. O-O Rb8 13. d3 b5 14. Nd2 Qd4+
15. Kh1 Nf6 16. Nf3 Qd6 17. b3 Nd5 18. Bb2 f6 19. Rae1 Ba5 20. Nd2 Qd8 21. c4
bxc4 22. dxc4 Ne3 23. Qxe3 Bxd2 24. Qe2 Bxe1 25. Rxe1 Qa5 26. Be4 Qxa2 27. Bc2
Qa5 28. Ra1 Qc7 29. h4 Bb7+ 30. Kh2 Qc6 31. h5 e5 32. h6 g6 33. Rg1 Rbe8 34. f5
g5 35. Bc1 Rd8 36. Be3 Rd7 37. Qg4 Rfd8 38. Bxg5 fxg5 39. Qxg5+ Kh8 40. Be4 Qb6
41. Bxb7 Rxb7 42. f6 Rf7 43. Rf1 Qxb3 0-1

[Event "GBR-ch72"]
[Site "Edinburgh"]
[Date "1985.08.07"]
[Round "9.22"]
[White "Orr, Mark JL"]
[Black "Bowden, Karl"]
[Result "1/2-1/2"]
[WhiteElo "2340"]
[BlackElo "2250"]
[PlyCount "93"]
[EventDate "1985.07.29"]
[EventType "swiss"]
[EventRounds "11"]
[EventCountry "GBR"]
[SourceTitle "BritBase"]
[Source "John Saunders"]
[SourceDate "2020.09.07"]
[SourceVersion "1"]
[SourceVersionDate "2020.09.07"]
[SourceQuality "2"]

1. Nf3 Nf6 2. c4 g6 3. g3 Bg7 4. Bg2 O-O 5. O-O d6 6. d4 c5 7. b3 Bg4 8. Bb2
Nfd7 9. Nc3 a6 10. d5 b5 11. Nd2 Qa5 12. Qc2 Nb6 13. b4 cxb4 14. Nb3 bxc3 15.
Nxa5 cxb2 16. Rab1 Nxc4 17. Nxc4 Rc8 18. Rxb2 Rxc4 19. Qb1 Bf5 20. e4 Bxb2 21.
Qxb2 Bxe4 22. Rc1 Bd3 23. Bf1 Bxf1 24. Kxf1 Rc5 25. Rxc5 dxc5 26. Qe5 Nd7 27.
Qxe7 Ra7 28. f4 a5 29. f5 gxf5 30. Qg5+ Kf8 31. h4 b4 32. h5 f6 33. Qxf5 a4 34.
Qe6 b3 35. d6 bxa2 36. Qe7+ Kg8 37. Qe6+ Kg7 38. Qxa2 a3 39. Ke1 Ne5 40. Kd2
Kh6 41. Kc1 Kxh5 42. Kb1 Kg4 43. Qe6+ Kg5 44. Qd5 Kf5 45. Qxc5 Rb7+ 46. Ka2 Ke6
47. Kxa3 1/2-1/2

[Event "GBR-ch72"]
[Site "Edinburgh"]
[Date "1985.08.07"]
[Round "9.23"]
[White "McDonald, Neil R"]
[Black "Bradbury, Neil H"]
[Result "1-0"]
[WhiteElo "2216"]
[BlackElo "2335"]
[PlyCount "73"]
[EventDate "1985.07.29"]
[EventType "swiss"]
[EventRounds "11"]
[EventCountry "GBR"]
[SourceTitle "BritBase"]
[Source "John Saunders"]
[SourceDate "2020.09.07"]
[SourceVersion "1"]
[SourceVersionDate "2020.09.07"]
[SourceQuality "2"]

1. Nf3 Nf6 2. g3 d5 3. Bg2 c6 4. O-O Bf5 5. d3 h6 6. Nbd2 e6 7. e3 Be7 8. Qe2
Bh7 9. b3 O-O 10. Bb2 a5 11. a4 Na6 12. e4 Nb4 13. Rac1 b5 14. Kh1 bxa4 15.
bxa4 Qb6 16. Ne5 Rfe8 17. f4 Qb7 18. g4 Nd7 19. Nxd7 Qxd7 20. Nf3 Bd6 21. Qd2
dxe4 22. dxe4 Qc7 23. Qd4 Bf8 24. Qe3 Qb7 25. Ne5 Na6 26. Bd4 c5 27. Bc3 Rad8
28. g5 hxg5 29. fxg5 Bg6 30. Nxg6 fxg6 31. e5 Qd7 32. Qe4 c4 33. Qxg6 Nc5 34.
Bd4 Qxd4 35. Qf7+ Kh8 36. Qh5+ Kg8 37. g6 1-0

[Event "GBR-ch72"]
[Site "Edinburgh"]
[Date "1985.08.07"]
[Round "9.24"]
[White "Branford, John W"]
[Black "Kosten, Anthony C"]
[Result "0-1"]
[WhiteElo "2255"]
[BlackElo "2395"]
[PlyCount "59"]
[EventDate "1985.07.29"]
[EventType "swiss"]
[EventRounds "11"]
[EventCountry "GBR"]
[SourceTitle "BritBase"]
[Source "John Saunders"]
[SourceDate "2020.09.07"]
[SourceVersion "1"]
[SourceVersionDate "2020.09.07"]
[SourceQuality "2"]

1. e4 e6 2. d4 d5 3. Nd2 Nf6 4. e5 Nfd7 5. Bd3 c5 6. c3 Nc6 7. Ne2 cxd4 8. cxd4
f6 9. exf6 Nxf6 10. Nf3 Bd6 11. O-O Qc7 12. Nc3 a6 13. Re1 O-O 14. Be3 h6 15.
Rc1 Ng4 16. h3 Nxe3 17. fxe3 g5 18. Rf1 Qg7 19. Bb1 Bd7 20. Qd3 Ne7 21. e4 dxe4
22. Qxe4 Nf5 23. Ne2 Rae8 24. Bd3 Bc6 25. Rxc6 bxc6 26. Qxc6 Bb8 27. Bc4 Kh8
28. Bxe6 Qf6 29. Nxg5 Qxg5 30. Rxf5 0-1

[Event "GBR-ch72"]
[Site "Edinburgh"]
[Date "1985.08.07"]
[Round "9.25"]
[White "Horner, Jeff"]
[Black "Shovel, Kenneth"]
[Result "1/2-1/2"]
[WhiteElo "2375"]
[BlackElo "2280"]
[PlyCount "140"]
[EventDate "1985.07.29"]
[EventType "swiss"]
[EventRounds "11"]
[EventCountry "GBR"]
[SourceTitle "BritBase"]
[Source "John Saunders"]
[SourceDate "2020.09.07"]
[SourceVersion "1"]
[SourceVersionDate "2020.09.07"]
[SourceQuality "2"]

1. e4 c6 2. Nc3 d5 3. Nf3 Bg4 4. h3 Bh5 5. Be2 dxe4 6. Nxe4 Bg6 7. Ng3 Qc7 8.
d4 Nd7 9. O-O e6 10. c4 Ngf6 11. Qb3 Bd6 12. c5 Be7 13. Bc4 Nd5 14. Bg5 Bf6 15.
Bxf6 N7xf6 16. Rae1 O-O 17. Nh4 Qf4 18. Nxg6 hxg6 19. Rd1 b6 20. Ne2 Qc7 21.
cxb6 axb6 22. Rc1 Qd6 23. Rfd1 Nd7 24. a3 Rfb8 25. Bxd5 cxd5 26. Qb5 Rc8 27.
Rc3 Rxc3 28. Nxc3 Rc8 29. Na4 Qc6 30. Qxc6 Rxc6 31. Nc3 Nf6 32. Kf1 Kf8 33. Ke2
Ke7 34. Kd3 Ne4 35. Rc1 Kd7 36. Rc2 Nd6 37. f3 g5 38. b3 Nf5 39. a4 f6 40. Ra2
Nh4 41. b4 Kc8 42. a5 bxa5 43. bxa5 Nf5 44. a6 Kb8 45. Nb5 g6 46. a7+ Ka8 47.
Re2 Rb6 48. Nc7+ Kxa7 49. Nxe6 Rb1 50. Rd2 Re1 51. Re2 Rxe2 52. Kxe2 Kb7 53.
Kd3 Kc6 54. Nf8 Nh4 55. g3 Nf5 56. g4 Nh4 57. f4 gxf4 58. Nh7 f5 59. Ng5 Kd6
60. Ke2 Ke7 61. Kf2 Kf6 62. Nh7+ Kf7 63. Ng5+ Ke7 64. Nh7 Kd6 65. Ng5 Kd7 66.
Nh7 Kc6 67. Nf8 Kd6 68. Nh7 Kd7 69. gxf5 Nxf5 70. Nf8+ Kd6 1/2-1/2

[Event "GBR-ch72"]
[Site "Edinburgh"]
[Date "1985.08.07"]
[Round "9.26"]
[White "Vaidya, Arun"]
[Black "Wiley, Tom E"]
[Result "0-1"]
[WhiteElo "2365"]
[BlackElo "2225"]
[PlyCount "85"]
[EventDate "1985.07.29"]
[EventType "swiss"]
[EventRounds "11"]
[EventCountry "GBR"]
[SourceTitle "BritBase"]
[Source "John Saunders"]
[SourceDate "2020.09.07"]
[SourceVersion "1"]
[SourceVersionDate "2020.09.07"]
[SourceQuality "2"]

1. c4 c5 2. Nc3 Nf6 3. g3 d5 4. cxd5 Nxd5 5. Bg2 Nc7 6. f4 g6 7. Nf3 Nc6 8. O-O
Bg7 9. d3 O-O 10. Be3 Ne6 11. Kh1 Rb8 12. f5 Ned4 13. Nh4 Bxf5 14. Nxf5 Nxf5
15. Bxc5 Bd4 16. Bxd4 Qxd4 17. Qd2 Qe3 18. Qe1 Ncd4 19. Nd5 Qxe2 20. Qxe2 Nxe2
21. Rae1 Nfxg3+ 22. hxg3 Nxg3+ 23. Kg1 Nxf1 24. Nxe7+ Kg7 25. Rxf1 Rbd8 26. Nd5
Rd6 27. Re1 Rc8 28. Re5 Kf8 29. Nf4 Re8 30. Rxe8+ Kxe8 31. Kf2 g5 32. Nd5 f5
33. d4 Kf7 34. Ke3 h5 35. Nc3 Rd7 36. d5 Kf6 37. Kd4 h4 38. Na4 b6 39. b4 g4
40. Nc5 Rh7 41. d6 h3 42. Bc6 bxc5+ 43. bxc5 0-1

[Event "GBR-ch72"]
[Site "Edinburgh"]
[Date "1985.08.07"]
[Round "9.27"]
[White "Thomas, Ian L"]
[Black "Waddingham, Graham A"]
[Result "1/2-1/2"]
[WhiteElo "2295"]
[BlackElo "2264"]
[PlyCount "99"]
[EventDate "1985.07.29"]
[EventType "swiss"]
[EventRounds "11"]
[EventCountry "GBR"]
[SourceTitle "BritBase"]
[Source "John Saunders"]
[SourceDate "2020.09.07"]
[SourceVersion "1"]
[SourceVersionDate "2020.09.07"]
[SourceQuality "2"]

1. e4 c5 2. Nf3 d6 3. d4 cxd4 4. Nxd4 Nc6 5. c4 g6 6. Nc3 Bg7 7. Be3 Nf6 8. Be2
O-O 9. O-O Bd7 10. Rc1 Rc8 11. b3 Qa5 12. f3 Nxd4 13. Bxd4 Bc6 14. Qd3 Nd7 15.
Bxg7 Kxg7 16. f4 Qc5+ 17. Kh1 a5 18. Rce1 Rce8 19. Bg4 Nf6 20. Bf3 e5 21. g3
Re7 22. Qd2 exf4 23. Qxf4 Rfe8 24. Rd1 Rd8 25. Bg2 Qe5 26. Qxe5 Rxe5 27. Rd4
Ng4 28. Bf3 Nh6 29. Kg2 f5 30. Kf2 Nf7 31. exf5 Rxf5 32. Rf4 Ne5 33. Rxf5 gxf5
34. Bd5 Re8 35. h3 Kg6 36. Rd1 Rd8 37. Ne2 Kf6 38. Nf4 Ke7 39. a3 Rc8 40. Be6
Rf8 41. Bd5 Rc8 42. a4 Re8 43. Ke3 Nd7 44. Kd2 Nc5 45. Kc2 Kd7 46. g4 fxg4 47.
hxg4 Bxd5 48. Rxd5 Rg8 49. Rh5 Rxg4 50. Rxh7+ 1/2-1/2

[Event "GBR-ch72"]
[Site "Edinburgh"]
[Date "1985.08.07"]
[Round "9.28"]
[White "Emms, John"]
[Black "Gallagher, Joseph G"]
[Result "1/2-1/2"]
[WhiteElo "2245"]
[BlackElo "2310"]
[PlyCount "31"]
[EventDate "1985.07.29"]
[EventType "swiss"]
[EventRounds "11"]
[EventCountry "GBR"]
[SourceTitle "BritBase"]
[Source "John Saunders"]
[SourceDate "2020.09.07"]
[SourceVersion "1"]
[SourceVersionDate "2020.09.07"]
[SourceQuality "2"]

1. e4 c5 2. Nf3 d6 3. c3 Nf6 4. Bd3 g6 5. O-O Bg7 6. Bc2 Nc6 7. h3 e5 8. d4 Qe7
9. dxc5 dxc5 10. Na3 O-O 11. Bg5 Be6 12. Qe2 Qc7 13. Bxf6 Bxf6 14. Rfd1 Na5 15.
b3 a6 16. Bd3 1/2-1/2

[Event "GBR-ch72"]
[Site "Edinburgh"]
[Date "1985.08.07"]
[Round "9.29"]
[White "Small, Simon"]
[Black "Arkell, Keith C"]
[Result "1/2-1/2"]
[WhiteElo "2152"]
[BlackElo "2385"]
[PlyCount "98"]
[EventDate "1985.07.29"]
[EventType "swiss"]
[EventRounds "11"]
[EventCountry "GBR"]
[SourceTitle "BritBase"]
[Source "John Saunders"]
[SourceDate "2020.09.07"]
[SourceVersion "1"]
[SourceVersionDate "2020.09.07"]
[SourceQuality "2"]

1. d4 Nf6 2. Nc3 d5 3. Bg5 Bf5 4. Bxf6 exf6 5. e3 Be6 6. Bd3 f5 7. Nf3 Nd7 8.
O-O c6 9. Ne2 Bd6 10. Rc1 O-O 11. c4 dxc4 12. Bxc4 Bxc4 13. Rxc4 Nb6 14. Rc1
Qe7 15. Qb3 Qe6 16. Nd2 Qh6 17. Nf3 Rae8 18. Qd3 Qe6 19. Nc3 Rd8 20. Qc2 Rfe8
21. Rfe1 Nd5 22. a3 Nf6 23. Qa4 a6 24. Qa5 Ne4 25. Rcd1 Qg6 26. Qb6 Rd7 27. Na4
Qh5 28. Nc5 Rde7 29. Nd3 g5 30. Qa5 g4 31. Nfe5 Bxe5 32. dxe5 Qh4 33. Rf1 Ng5
34. Nf4 Rxe5 35. Qc7 Rb5 36. b4 Qh6 37. Rd8 Rbe5 38. Rfd1 Qf8 39. Rxe8 Rxe8 40.
Qxb7 Rd8 41. Rf1 Ne6 42. Nxe6 fxe6 43. Qxa6 Qd6 44. Qc4 h5 45. g3 Ra8 46. Ra1
Qe5 47. Rd1 Rxa3 48. Qxc6 Ra1 49. Rxa1 Qxa1+ {etc (89)} 1/2-1/2

[Event "GBR-ch72"]
[Site "Edinburgh"]
[Date "1985.08.07"]
[Round "9.30"]
[White "Teichmann, Erik OMC"]
[Black "Abayasekera, Roger"]
[Result "1-0"]
[WhiteElo "2385"]
[BlackElo "2200"]
[PlyCount "81"]
[EventDate "1985.07.29"]
[EventType "swiss"]
[EventRounds "11"]
[EventCountry "GBR"]
[SourceTitle "BritBase"]
[Source "John Saunders"]
[SourceDate "2020.09.07"]
[SourceVersion "1"]
[SourceVersionDate "2020.09.07"]
[SourceQuality "2"]

1. b4 Nf6 2. Bb2 g6 3. c4 Bg7 4. Nf3 O-O 5. e3 c6 6. Nc3 d5 7. d4 Bg4 8. h3
Bxf3 9. Qxf3 dxc4 10. Bxc4 Nbd7 11. O-O e5 12. Ne2 e4 13. Qg3 Nb6 14. Bb3 Nfd5
15. a3 Bf6 16. Qg4 Qe7 17. Ng3 Rfe8 18. Rae1 Qe6 19. Qxe6 Rxe6 20. a4 a5 21. b5
cxb5 22. axb5 Bh4 23. Ne2 Ree8 24. Ba3 Be7 25. Bc5 a4 26. Ba2 Bg5 27. Rc1 Rac8
28. Ra1 Ra8 29. Rfc1 Kg7 30. Nc3 Nxc3 31. Rxc3 Bd8 32. Rac1 Nd7 33. Bb4 Bb6 34.
Bd5 Ra7 35. Rc8 Rxc8 36. Rxc8 f5 37. Ba3 Kf6 38. Rh8 Kg7 39. Re8 Kf6 40. h4 f4
41. Re7 1-0

[Event "GBR-ch72"]
[Site "Edinburgh"]
[Date "1985.08.07"]
[Round "9.31"]
[White "Evans, Raymond G"]
[Black "Lane, Gary William"]
[Result "1/2-1/2"]
[WhiteElo "2128"]
[BlackElo "2330"]
[PlyCount "53"]
[EventDate "1985.07.29"]
[EventType "swiss"]
[EventRounds "11"]
[EventCountry "GBR"]
[SourceTitle "BritBase"]
[Source "John Saunders"]
[SourceDate "2020.09.07"]
[SourceVersion "1"]
[SourceVersionDate "2020.09.07"]
[SourceQuality "2"]

1. d4 Nf6 2. c4 g6 3. Nc3 Bg7 4. e4 O-O 5. Nf3 d6 6. Be2 Nbd7 7. O-O e5 8. Re1
h6 9. Rb1 Nh7 10. dxe5 dxe5 11. b4 f5 12. c5 Kh8 13. Bb2 Ng5 14. Nxg5 Qxg5 15.
Nd5 Qd8 16. exf5 gxf5 17. Qc2 Nf6 18. Nxf6 Bxf6 19. Bc4 Qe7 20. Qe2 e4 21. f3
Bxb2 22. Qxb2+ Kh7 23. Qe2 Qg5 24. fxe4 f4 25. e5 f3 26. Bd3+ Kh8 27. Qf2 {
etc (45)} 1/2-1/2

[Event "GBR-ch72"]
[Site "Edinburgh"]
[Date "1985.08.07"]
[Round "9.32"]
[White "Carr, Neil L"]
[Black "Lalic, Susan Kathryn"]
[Result "1/2-1/2"]
[WhiteElo "2315"]
[BlackElo "2050"]
[PlyCount "102"]
[EventDate "1985.07.29"]
[EventType "swiss"]
[EventRounds "11"]
[EventCountry "GBR"]
[SourceTitle "BritBase"]
[Source "John Saunders"]
[SourceDate "2020.09.07"]
[SourceVersion "1"]
[SourceVersionDate "2020.09.07"]
[SourceQuality "2"]

1. e4 e6 2. d4 d5 3. Nd2 Nf6 4. e5 Nfd7 5. Bd3 c5 6. c3 Nc6 7. Ne2 cxd4 8. cxd4
f6 9. Nf4 Nxd4 10. Qh5+ Ke7 11. exf6+ Nxf6 12. Ng6+ hxg6 13. Qxh8 Kf7 14. Qh4
e5 15. Nf3 Nxf3+ 16. gxf3 Bf5 17. Bxf5 gxf5 18. Bg5 Qa5+ 19. Kf1 Bc5 20. Kg2
Qb4 21. Qxb4 Bxb4 22. Rac1 Bd6 23. Rhd1 Ke6 24. Rc2 f4 25. Re2 Nh5 26. h4 Rc8
27. Rd3 Rc4 28. Rc3 b5 29. Rec2 g6 30. Rxc4 bxc4 31. b3 cxb3 32. axb3 Ng7 33.
Ra2 d4 34. Kf1 Nf5 35. Rxa7 d3 36. Ra4 Kd5 37. Ra5+ Kd4 38. Bf6 Kc3 39. Bxe5+
Bxe5 40. Rxe5 Nxh4 41. b4 Nxf3 42. Rd5 Nd4 43. Ke1 Nc2+ 44. Kd1 Nxb4 45. Rd6 g5
46. Rg6 d2 47. Rg8 Nd3 48. Rc8+ Kd4 49. Rd8+ Ke4 50. f3+ Ke3 51. Rxd3+ Kxd3
1/2-1/2

[Event "GBR-ch72"]
[Site "Edinburgh"]
[Date "1985.08.07"]
[Round "9.33"]
[White "Jackson, Sheila"]
[Black "Eke, Matthew A"]
[Result "1/2-1/2"]
[WhiteElo "2225"]
[BlackElo "2128"]
[PlyCount "81"]
[EventDate "1985.07.29"]
[EventType "swiss"]
[EventRounds "11"]
[EventCountry "GBR"]
[SourceTitle "BritBase"]
[Source "John Saunders"]
[SourceDate "2020.09.07"]
[SourceVersion "1"]
[SourceVersionDate "2020.09.07"]
[SourceQuality "2"]

1. e4 e6 2. d4 d5 3. Nd2 Nf6 4. e5 Nfd7 5. Bd3 c5 6. c3 Nc6 7. Ne2 cxd4 8. cxd4
f6 9. exf6 Nxf6 10. Nf3 Bd6 11. O-O O-O 12. Nc3 Qe8 13. Re1 Qh5 14. h3 Bd7 15.
Nb5 Bb8 16. a3 a6 17. Nc3 Bd6 18. Bc2 Rae8 19. Be3 Re7 20. Ng5 h6 21. Qxh5 Nxh5
22. Nf3 Nf4 23. h4 Ref7 24. Nd2 Be7 25. Rf1 Rf6 26. g3 Nh5 27. Kg2 Be8 28. f4
Bg6 29. Bd1 R6f7 30. Bg4 Nd8 31. Nf3 Nf6 32. Bh3 Bd6 33. Ne5 Bxe5 34. fxe5 Ne4
35. Ne2 Rxf1 36. Rxf1 Rxf1 37. Kxf1 Kf7 38. Kg2 Bh7 39. h5 Ke7 40. Bg4 Nc6 41.
Nf4 1/2-1/2

[Event "GBR-ch72"]
[Site "Edinburgh"]
[Date "1985.08.07"]
[Round "9.34"]
[White "Mannion, Stephen R"]
[Black "Richardson, Kevin D"]
[Result "1/2-1/2"]
[WhiteElo "2215"]
[BlackElo "2112"]
[PlyCount "114"]
[EventDate "1985.07.29"]
[EventType "swiss"]
[EventRounds "11"]
[EventCountry "GBR"]
[SourceTitle "BritBase"]
[Source "John Saunders"]
[SourceDate "2020.09.07"]
[SourceVersion "1"]
[SourceVersionDate "2020.09.07"]
[SourceQuality "2"]

1. e4 c5 2. Nf3 Nc6 3. c3 d5 4. exd5 Qxd5 5. d4 e6 6. Be2 Nf6 7. O-O cxd4 8.
cxd4 Be7 9. Nc3 Qd6 10. Bg5 O-O 11. Qd2 Rd8 12. Rfd1 Nd5 13. Bd3 a6 14. Rac1
Bxg5 15. Qxg5 h6 16. Qh4 Bd7 17. Ne4 Qf4 18. Qg3 Ncb4 19. Bb1 Bb5 20. Ne5 Rac8
21. Rxc8 Rxc8 22. Qxf4 Nxf4 23. Nd6 Ne2+ 24. Kh1 Rd8 25. Nexf7 Rd7 26. Nxb5
Rxf7 27. Nd6 Rxf2 28. Nxb7 Nxd4 29. a3 Nd5 30. b4 Nc3 31. Rc1 Nxb1 32. Rxb1 Ra2
33. h3 Rxa3 34. Rd1 Nc2 35. Rd8+ Kf7 36. Rd7+ Kf6 37. Nd8 Nxb4 38. Rf7+ Kg6 39.
Rb7 Nd5 40. Nxe6 a5 41. Nf8+ Kf6 42. Nd7+ Kf5 43. Kh2 g5 44. Rb5 Ke4 45. Nc5+
Ke5 46. Nb7 a4 47. Ra5 Ra2 48. Nc5 a3 49. Nd3+ Ke4 50. Nc1 Rc2 51. Ra4+ Kf5 52.
Nb3 Ke5 53. Rxa3 Nf4 54. Ra5+ Kf6 55. Ra6+ Kg7 56. Nd4 Rxg2+ 57. Kh1 Rd2
1/2-1/2

[Event "GBR-ch72"]
[Site "Edinburgh"]
[Date "1985.08.07"]
[Round "9.35"]
[White "Gregory, Stephen J"]
[Black "Morrison, Chris"]
[Result "1-0"]
[WhiteElo "2152"]
[BlackElo "2205"]
[PlyCount "65"]
[EventDate "1985.07.29"]
[EventType "swiss"]
[EventRounds "11"]
[EventCountry "GBR"]
[SourceTitle "BritBase"]
[Source "John Saunders"]
[SourceDate "2020.09.07"]
[SourceVersion "1"]
[SourceVersionDate "2020.09.07"]
[SourceQuality "2"]

1. e4 e5 2. Bc4 Nf6 3. Qe2 Bc5 4. c3 O-O 5. d3 d5 6. Bb3 dxe4 7. dxe4 Ng4 8.
Nh3 h6 9. Nd2 Nc6 10. Nf1 a5 11. Ng3 a4 12. Bc2 Be6 13. Bd2 Qb8 14. Nf5 Nf6 15.
g4 Ne7 16. g5 Nh7 17. Rg1 g6 18. Nxh6+ Kg7 19. Ng4 Qc8 20. Rg3 c6 21. Ng1 Bxg4
22. Rxg4 f5 23. exf5 Rxf5 24. Bxf5 Qxf5 25. f3 Nd5 26. O-O-O a3 27. b3 Nf4 28.
Bxf4 exf4 29. Qc2 Be3+ 30. Kb1 Qc5 31. Ne2 Nxg5 32. h4 Rg8 33. Rxg5 1-0

[Event "GBR-ch72"]
[Site "Edinburgh"]
[Date "1985.08.07"]
[Round "9.36"]
[White "Singh, Sukh Dave"]
[Black "Habershon, Paul F"]
[Result "1-0"]
[WhiteElo "2080"]
[BlackElo "2112"]
[PlyCount "53"]
[EventDate "1985.07.29"]
[EventType "swiss"]
[EventRounds "11"]
[EventCountry "GBR"]
[SourceTitle "BritBase"]
[Source "John Saunders"]
[SourceDate "2020.09.07"]
[SourceVersion "1"]
[SourceVersionDate "2020.09.07"]
[SourceQuality "2"]

1. e4 Nf6 2. e5 Nd5 3. d4 d6 4. Nf3 Bg4 5. Be2 e6 6. O-O Be7 7. c4 Nb6 8. Nc3
O-O 9. Be3 d5 10. c5 Bxf3 11. gxf3 N6d7 12. f4 f5 13. b4 Kh8 14. Kh1 g5 15. Bh5
c6 16. Qd2 g4 17. f3 gxf3 18. Rxf3 Bxc5 19. Rh3 Bxb4 20. Bg6 Qe7 21. Rxh7+ Qxh7
22. Bxh7 Bxc3 23. Qxc3 Kxh7 24. Bf2 Kg7 25. Qh3 Na6 26. Rg1+ Kf7 27. Qh5+ 1-0